|
|
|
|
| LEADER |
00789nam a22002292a 4500 |
| 001 |
001724981 |
| 003 |
CZ BrMZK |
| 005 |
20200210143724.0 |
| 007 |
ta |
| 008 |
200113s1969 xr er|||||||||||cze d |
| 040 |
|
|
|a BOA001
|b cze
|e aacr2
|
| 100 |
1 |
|
|a Kunc, Josef
|4 aut
|
| 245 |
1 |
0 |
|a Vědeckotechnická revoluce a železniční doprava /
|c Josef Kunc, Oldřich Ezr, Ladislav Kronberger
|
| 260 |
|
|
|a [Praha :
|b ÚV KSČ],
|c 1969
|
| 300 |
|
|
|a 15 s.
|
| 700 |
1 |
|
|a Ezr, Oldřich
|7 jk01030606
|4 aut
|
| 700 |
1 |
|
|a Kronberger, Ladislav
|7 jk01063414
|4 aut
|
| 772 |
0 |
8 |
|i Samostatná příloha seriálu:
|t Hospodářské noviny,
|g č. 42/1969
|
| 910 |
|
|
|a BOA001
|b X2-0635.699
|
| 990 |
|
|
|a BK
|
| 991 |
|
|
|b 202001
|
| 996 |
6 |
|
|b 2618841705
|c X2-0635.699
|l MZK
|r Sklad / do 24 hodin
|n 0
|w 001776438
|u 000010
|a 1
|e BOA001
|j MZK50
|s P
|